ARRUPE JESUIT UNIVERSITY

CORONAVIRUS -STOP THE SPREAD - CLEAN,DISINFECT,COVER

New Namibian plays / (Record no. 126392)

MARC details
000 -LEADER
fixed length control field 01201cam a2200325 a 4500
001 - CONTROL NUMBER
control field 12300814
003 - CONTROL NUMBER IDENTIFIER
control field ARRUPE
005 - DATE AND TIME OF LATEST TRANSACTION
control field 20170413122100.0
008 - FIXED-LENGTH DATA ELEMENTS--GENERAL INFORMATION
fixed length control field 001128m20009999sx f000 0 eng
010 ## - LIBRARY OF CONGRESS CONTROL NUMBER
LC control number 00378888
020 ## - INTERNATIONAL STANDARD BOOK NUMBER
International Standard Book Number 9991631739
035 ## - SYSTEM CONTROL NUMBER
System control number (DLC) 00378888
040 ## - CATALOGING SOURCE
Original cataloging agency DLC
Transcribing agency DLC
Modifying agency DLC
042 ## - AUTHENTICATION CODE
Authentication code lcode
043 ## - GEOGRAPHIC AREA CODE
Geographic area code f-sx---
050 00 - LIBRARY OF CONGRESS CALL NUMBER
Classification number PR9408.N362
Item number N48 2000
082 00 - DEWEY DECIMAL CLASSIFICATION NUMBER
Classification number 822/.9208096881
Edition number 21
300 ## - PHYSICAL DESCRIPTION
Dimensions 25 cm.
245 00 - TITLE STATEMENT
Title New Namibian plays /
Statement of responsibility, etc [edited by Terence Zeeman].
260 ## - PUBLICATION, DISTRIBUTION, ETC. (IMPRINT)
Place of publication, distribution, etc [Windhoek] :
Name of publisher, distributor, etc National Theatre of Namibia :
-- New Namibia Books :
-- Embassy of Finland,
Date of publication, distribution, etc 2000-<2002 >
300 ## - PHYSICAL DESCRIPTION
Extent x, 293p. ;
500 ## - GENERAL NOTE
General note "Including the winners of the first Golden Pen Awards"--Cover.
650 #0 - SUBJECT ADDED ENTRY--TOPICAL TERM
Topical term or geographic name as entry element Drama.
Geographic subdivision Namibia
9 (RLIN) 29779
700 1# - ADDED ENTRY--PERSONAL NAME
Personal name Zeeman, Terence.
9 (RLIN) 29780
Relator term ed.
710 2# - ADDED ENTRY--CORPORATE NAME
Corporate name or jurisdiction name as entry element National Theatre of Namibia.
9 (RLIN) 29781
710 1# - ADDED ENTRY--CORPORATE NAME
Corporate name or jurisdiction name as entry element Finland.
Subordinate unit Embassy (Namibia)
9 (RLIN) 29782
906 ## - LOCAL DATA ELEMENT F, LDF (RLIN)
a 7
b cbc
c origode
d 2
e ncip
f 20
g y-gencatlg
942 ## - ADDED ENTRY ELEMENTS (KOHA)
Source of classification or shelving scheme Library of Congress Classification
Koha item type Monograph ( Printed materials)
Holdings
Withdrawn status Lost status Source of classification or shelving scheme Damaged status Not for loan Collection code Home library Current library Shelving location Date acquired Total Checkouts Full call number Barcode Date last seen Price effective from Koha item type
    Library of Congress Classification     Main Collection ARRUPE LIBRARY ARRUPE LIBRARY Main Collection 11/04/2017   PR9408.N367 2000 v.1 46500025514 11/04/2017 11/04/2017 Monograph ( Printed materials)
    Library of Congress Classification     Main Collection ARRUPE LIBRARY ARRUPE LIBRARY Main Collection 11/04/2017   PR9408.N367 2000 v. 2 46500025515 11/04/2017 11/04/2017 Monograph ( Printed materials)

 

Arrupe Library. PO Box MP320 Mt Pleasant, Harare, Zimbabwe
263 242 745411|librarian@aju.ac.zw